000 00839cab a2200277 4500
001 ABS59115
008 090401t xxu||||| |||| 00| 0 eng d
035 _a(Sirsi) u87445
041 _aeng
100 _aHowarth, A.
245 2 _aA duty to escape
350 _a0
520 _aDiscusses the impact of recent increases in stamp duty and the avoidance measures being taken by the property sector. Looks at Special Purpose Vehicles and other off-shore vehicles and, registration of property transactions.
650 _aAVOIDANCE MEASURES
650 _aCOMPARABLE TAX RATES
650 _aINCREASES
650 _aLENDERS
650 _aPROPERTY FUNDS
650 _aPROPERTY PORTFOLIOS
650 _aREGISTER OF TITLE
650 _aSHARES
650 _aSTAMP DUTY
690 _aTAXATION
942 _n0
948 _c16/07/1998
999 _c55151
_d55151